000 00389cam a2200169 4500
001 D14356
008 090401t1948 xxu||||| |||| 00| 0 eng d
035 _a(Sirsi) u15046
041 _aeng
100 _aWalmsley, R Charles
245 _aRural estate management
260 _aLondon
_bEstates Gazette
_c1948
350 _a0
520 _aShelf 136
942 _n0
948 _c04/03/1997
999 _c87244
_d87244